<?xml version='1.0' encoding='UTF-8'?>
  <record xmlns="http://www.loc.gov/MARC21/slim">
    <leader>00000ctm a22000007i 4500</leader>
    <controlfield tag="001">ocn965406086</controlfield>
    <controlfield tag="003">OCoLC</controlfield>
    <controlfield tag="005">20250723230244.4</controlfield>
    <controlfield tag="008">101008q14001410xx            000 0 lat d</controlfield>
    <datafield tag="040" ind1=" " ind2=" ">
      <subfield code="a">QGJ</subfield>
      <subfield code="b">dut</subfield>
      <subfield code="c">QGJ</subfield>
      <subfield code="d">OCLCL</subfield>
      <subfield code="d">OCLCQ</subfield>
    </datafield>
    <datafield tag="035" ind1=" " ind2=" ">
      <subfield code="a">(OCoLC)965406086</subfield>
    </datafield>
    <datafield tag="100" ind1="0" ind2=" ">
      <subfield code="a">Guilelmus de Lanicia.</subfield>
    </datafield>
    <datafield tag="245" ind1="1" ind2="0">
      <subfield code="a">Diaeta salutis /</subfield>
      <subfield code="c">edita a fratre Guilelmo de Lanicia.</subfield>
      <subfield code="f">UBU Hs. 168.</subfield>
    </datafield>
    <datafield tag="246" ind1="1" ind2=" ">
      <subfield code="a">Themata dominicalia</subfield>
    </datafield>
    <datafield tag="260" ind1=" " ind2=" ">
      <subfield code="c">[ca. 1400-ca. 1410]</subfield>
    </datafield>
    <datafield tag="300" ind1=" " ind2=" ">
      <subfield code="a">104 fol. ;</subfield>
      <subfield code="c">260 x 170 (185 x 112) mm.</subfield>
    </datafield>
    <datafield tag="336" ind1=" " ind2=" ">
      <subfield code="a">text</subfield>
      <subfield code="b">txt</subfield>
      <subfield code="2">rdacontent</subfield>
    </datafield>
    <datafield tag="337" ind1=" " ind2=" ">
      <subfield code="a">unmediated</subfield>
      <subfield code="b">n</subfield>
      <subfield code="2">rdamedia</subfield>
    </datafield>
    <datafield tag="338" ind1=" " ind2=" ">
      <subfield code="a">volume</subfield>
      <subfield code="b">nc</subfield>
      <subfield code="2">rdacarrier</subfield>
    </datafield>
    <datafield tag="340" ind1=" " ind2=" ">
      <subfield code="a">perkament</subfield>
      <subfield code="k">2 kol., littera textualis.</subfield>
    </datafield>
    <datafield tag="500" ind1=" " ind2=" ">
      <subfield code="a">Bevat behalve Diaeta salutis / edita a fratre Guilelmo de Lanicia (fol. 1r-87v) ook: Themata dominicalia (87v-96v).</subfield>
    </datafield>
    <datafield tag="524" ind1=" " ind2=" ">
      <subfield code="a">Te citeren als: Universiteitsbibliotheek Utrecht Hs. 168.</subfield>
    </datafield>
    <datafield tag="563" ind1=" " ind2=" ">
      <subfield code="a">Leren band over houten platten, titel op voorplat geschreven, sporen van een opgeplakt titelplaatje, resten van twee sluitingen, klavieren, rug is vernieuwd.</subfield>
    </datafield>
    <datafield tag="581" ind1=" " ind2=" ">
      <subfield code="a">[P.A. Tiele], Catalogus codicum manu scriptorum Bibliothecae Universitatis Rheno-Trajectinae. I. Trajecti ad Rhenum / Hagae Comitis 1887. p. 51.</subfield>
    </datafield>
    <datafield tag="581" ind1=" " ind2=" ">
      <subfield code="a">[A. Hulshof], Catalogus codicum manu scriptorum Bibliothecae Universitatis Rheno-Traiectinae. II. Traiecti ad Rhenum 1909. p. 274.</subfield>
    </datafield>
    <datafield tag="581" ind1=" " ind2=" ">
      <subfield code="a">J.P. Gumbert, Die Utrechter Kartäuser und ihre Bücher im frühen fünfzehnten Jahrhundert. Leiden 1974. p. 352, 364.</subfield>
    </datafield>
    <datafield tag="581" ind1=" " ind2=" ">
      <subfield code="a">A.D. Menut, 'A provisional bibliography of Oresme's writings', in: Medieval studies 28 (1966), p. 279-299. (cf. Scriptorium 26 (1972), p. 206, nr. 392). p. 279-299.</subfield>
    </datafield>
    <datafield tag="655" ind1=" " ind2="7">
      <subfield code="a">Handschriften (vorm)</subfield>
      <subfield code="0">(NL-LeOCL)088143309.</subfield>
      <subfield code="2">gtt</subfield>
    </datafield>
    <datafield tag="710" ind1="2" ind2=" ">
      <subfield code="a">Karthuizerklooster Nieuwlicht of Bloemendaal (Utrecht)</subfield>
      <subfield code="e">former owner.</subfield>
      <subfield code="4">fmo</subfield>
      <subfield code="5">NL-UtRU</subfield>
    </datafield>
    <datafield tag="758" ind1=" " ind2=" ">
      <subfield code="a">Diaeta salutis UBU Hs. 168 (Text)</subfield>
      <subfield code="1">https://id.oclc.org/worldcat/entity/E39PCXqCxQqX3WWxCVtXfdQm8d</subfield>
      <subfield code="4">https://id.oclc.org/worldcat/ontology/hasWork</subfield>
    </datafield>
    <datafield tag="856" ind1="4" ind2="1">
      <subfield code="u">http://objects.library.uu.nl/reader/resolver.php?obj=002324608&amp;type=2</subfield>
      <subfield code="x">Online</subfield>
      <subfield code="z">Full Text</subfield>
    </datafield>
    <datafield tag="936" ind1=" " ind2=" ">
      <subfield code="a">BATCHLOAD</subfield>
    </datafield>
  </record>